000 00450nam a2200157Ia 4500
008 231217s9999 xx 000 0 und d
041 _aEnglish
082 _a621.38411 KUM R
100 _aKumaraswamy, D Giridhar, K ed
245 0 _aAntenna and wave propagation : VII sem BE classes
250 _a1st ed.
260 _c2001
_bPooja
_aBangalore
300 _a205
650 _aAntenna,wave,propagation,:,VII,semester,BE,classes
942 _cAA
999 _c175497
_d175497